Statistiques concernant Les scènes de repas cultes du cinéma

Cliquez ici pour prendre le quiz!

Statistiques générales

  • Ce quiz a été pris 444 fois
  • Le résultat moyen est 9 sur 16

Statistiques - réponses

Réponse% Correct
Harry Potter à l'école des sorciers
98%
La Belle et le Clochard
95%
Les Visiteurs
94%
Ratatouille
88%
Le Dîner de cons
83%
Bienvenue chez les Chtis
76%
Les Bronzés font du Ski
72%
Le Père-Noël est une Ordure
71%
L'Aile ou la Cuisse
54%
Le Pari
40%
Indiana Jones : Le Temple maudit
35%
La vie est un long fleuve tranquille
32%
Quand Harry rencontre Sally
29%
La Grande Bouffe
18%
La Ruée vers l'Or
18%
Beetlejuice
16%

Distribution des résultats

Percentile par nombre de réponses

% des personnes avec chaque résultat

Votre développement - résultats

Vous n’avez pas pris ce quiz